000 00422nam a2200157Ia 4500
008 210210b1998 xxu||||| |||| 00| 0 eng d
020 _a81 7099 711 9
082 _a324.954 AHUE
100 _aAHUJA (M L).
245 _aElectoral politics and general elections in India.
260 _aND
_bMittal Publications
_c1998
300 _aix,412
650 _aIndia elections
690 _aPolitical Process
906 _a054048
999 _c102156
_d102156